[Event "Barcelona Sant Marti op-A 20th"]
[Site "Barcelona"]
[Date "2018.07.16"]
[Round "4"]
[White "Varela Cuadrado, Cesar M"]
[Black "Marchador Villalba, Jordi"]
[Result "1/2-1/2"]
[WhiteElo "1856"]
[BlackElo "2009"]
[PlyCount "93"]
[EventDate "2018.07.13"]
[EventType "swiss"]
[EventRounds "9"]
[EventCountry "ESP"]
[SourceTitle "CBM 185 Extra"]
[Source "ChessBase"]
[SourceDate "2018.07.29"]
[SourceVersion "1"]
[SourceVersionDate "2018.07.29"]
[SourceQuality "1"]

1. e4 Nf6 2. e5 Nd5 3. d4 d6 4. c4 Nb6 5. exd6 cxd6 6. Nc3 g6 7. b3 Bg7 8. Be3 0-0 9. Bd3 e5 10. Nge2 Nc6 11. d5 Ne7 12. 0-0 Bf5 13. Be4 h6 14. Rc1 Bxe4 15. Nxe4 Nf5 16. Bd2 a5 17. a4 Re8 18. N4g3 Nxg3 19. Nxg3 Nd7 20. Ne4 Qc7 21. Nc3 Nc5 22. Nb5 Qd7 23. Be3 b6 24. f4 f6 25. fxe5 fxe5 26. Qc2 Kh7 27. Bxc5 bxc5 28. Qe4 Rf8 29. Rxf8 Rxf8 30. Rf1 Rxf1+ 31. Kxf1 Bf8 32. Qe1 Qf5+ 33. Kg1 Qd3 34. Qc3 Qd1+ 35. Kf2 Bg7 36. Qf3 Qd2+ 37. Qe2 Qf4+ 38. Kg1 e4 39. g3 Qe5 40. Kg2 h5 41. h4 e3 42. Kh2 Bf6 43. Kg2 Qe4+ 44. Qf3 Qe5 45. Qe2 Qe4+ 46. Qf3 Qe5 47. Qe2 1/2-1/2

[Event "Barcelona Sant Marti op-A 20th"]
[Site "Barcelona"]
[Date "2018.07.13"]
[Round "1"]
[White "Marchador Villalba, Jordi"]
[Black "Smirnov, Artem"]
[Result "0-1"]
[WhiteElo "2009"]
[BlackElo "2405"]
[PlyCount "124"]
[EventDate "2018.07.13"]
[EventType "swiss"]
[EventRounds "9"]
[EventCountry "ESP"]
[SourceTitle "CBM 185 Extra"]
[Source "ChessBase"]
[SourceDate "2018.07.29"]
[SourceVersion "1"]
[SourceVersionDate "2018.07.29"]
[SourceQuality "1"]

1. d4 Nf6 2. Bg5 d5 3. e3 c5 4. c3 Qb6 5. Qb3 Ne4 6. Bf4 c4 7. Qxb6 axb6 8. Bxb8 Rxb8 9. Nd2 Nxd2 10. Kxd2 e6 11. g3 Bd6 12. Bg2 0-0 13. Ne2 Bd7 14. h4 Ra8 15. a3 Ra5 16. e4 dxe4 17. Bxe4 Bc6 18. Bxc6 bxc6 19. Rae1 Rfa8 20. f4 h6 21. Kc2 Rb5 22. Ra1 g5 23. hxg5 hxg5 24. Rh5 Raa5 25. Rah1 Kf8 26. Rh8+ Ke7 27. Rg8 gxf4 28. gxf4 Rh5 29. Rh8 Rxh1 30. Rxh1 Rf5 31. Rh4 c5 32. Kd2 Kd7 33. Ke3 cxd4+ 34. Nxd4 Bc5 35. Ke4 Bxd4 36. Kxd4 b5 37. Ke3 Rd5 38. Ke2 Kc6 39. Rh7 f5 40. Rh8 Rd3 41. Re8 Kd5 42. Rb8 Ke4 43. Rxb5 Rh3 44. Re5+ Kxf4 45. Rxe6 Rh2+ 46. Kd1 Rxb2 47. Rc6 Ke3 48. Rxc4 f4 49. Rc8 Rd2+ 50. Kc1 Ra2 51. Re8+ Kd3 52. Rd8+ Ke3 53. Re8+ Kf2 54. c4 Rxa3 55. Kb2 Re3 56. Rd8 f3 57. c5 Re5 58. Rc8 Ke2 59. Kc3 f2 60. Kd4 Rf5 61. Re8+ Kd2 62. Ra8 Rf4+ 0-1

[Event "Barcelona Vila de Gracia Seniors 55+ op"]
[Site "Barcelona"]
[Date "2018.04.30"]
[Round "7"]
[White "Martinez, Juan Manuel"]
[Black "Marchador Villalba, Jordi"]
[Result "1/2-1/2"]
[WhiteElo "1941"]
[BlackElo "2004"]
[PlyCount "139"]
[EventDate "2018.03.05"]
[EventType "swiss"]
[EventRounds "9"]
[EventCountry "ESP"]
[SourceTitle "EXT 2019"]
[Source "ChessBase"]
[SourceDate "2018.10.10"]
[SourceVersion "1"]
[SourceVersionDate "2018.10.10"]
[SourceQuality "1"]

1. e4 c5 2. c3 Nf6 3. e5 Nd5 4. Nf3 Nc6 5. Bb5 a6 6. Bc4 e6 7. d4 Nb6 8. Bd3 Be7 9. 0-0 d6 10. exd6 Bxd6 11. dxc5 Bxc5 12. Bf4 Nd5 13. Bg3 Bd6 14. Qc2 h6 15. Rd1 Bxg3 16. hxg3 Qc7 17. Nbd2 Bd7 18. Nb3 b6 19. Qe2 a5 20. Nbd4 Nxd4 21. cxd4 0-0 22. Rac1 Qd6 23. Ne5 Rac8 24. Bb5 Bxb5 25. Qxb5 Rc7 26. Nc4 Qc6 27. Qxc6 Rxc6 28. Ne5 Rcc8 29. a3 Rfd8 30. Kf1 Kf8 31. Nc6 Rd7 32. b4 axb4 33. axb4 Rdc7 34. b5 Nb4 35. Rb1 Nxc6 36. bxc6 Rxc6 37. Rb5 Rd8 38. Rdb1 Rxd4 39. Rxb6 Rxb6 40. Rxb6 Rd2 41. Rb7 g5 42. g4 Kg7 43. Ra7 Kg6 44. Ra6 h5 45. gxh5+ Kxh5 46. Ra7 Kg6 47. Re7 Kf6 48. Ra7 e5 49. Rb7 Kg6 50. Re7 f6 51. Re6 Kf5 52. Ra6 g4 53. g3 Kg5 54. Ra5 Rd4 55. Rb5 Rd3 56. Ke2 Ra3 57. Rc5 Kf5 58. Rc6 Ra5 59. Ke3 Kg5 60. Rc8 Ra3+ 61. Ke2 f5 62. Rg8+ Kf6 63. Rf8+ Ke6 64. Rd8 f4 65. Re8+ Kf5 66. gxf4 Kxf4 67. Rf8+ Ke4 68. Rf7 Ra2+ 69. Kf1 Ra3 70. Kg2 1/2-1/2

[Event "Barcelona Vila de Gracia Seniors 55+ op"]
[Site "Barcelona"]
[Date "2018.04.23"]
[Round "6"]
[White "Marchador Villalba, Jordi"]
[Black "Brusi Noguera, Ricardo Ll"]
[Result "1/2-1/2"]
[WhiteElo "2004"]
[BlackElo "2145"]
[PlyCount "81"]
[EventDate "2018.03.05"]
[EventType "swiss"]
[EventRounds "9"]
[EventCountry "ESP"]
[SourceTitle "EXT 2019"]
[Source "ChessBase"]
[SourceDate "2018.10.10"]
[SourceVersion "1"]
[SourceVersionDate "2018.10.10"]
[SourceQuality "1"]

1. Nf3 c5 2. g3 b6 3. Bg2 Bb7 4. c4 Nf6 5. 0-0 e6 6. Nc3 Be7 7. b3 0-0 8. Bb2 d6 9. e3 a6 10. d4 cxd4 11. exd4 Nbd7 12. Ba3 b5 13. cxb5 axb5 14. Bb2 b4 15. Ne2 d5 16. Re1 Ra5 17. Ne5 Nxe5 18. dxe5 Nd7 19. f4 Qa8 20. Qb1 g6 21. h4 Rc8 22. h5 Bc5+ 23. Kh2 Qa7 24. Rd1 Ra8 25. Qc2 Rc8 26. Qb1 Qb6 27. Bd4 Bxd4 28. Nxd4 Rac5 29. Bh3 Nb8 30. Qb2 Rc3 31. Qf2 Ba6 32. Rd2 Bd3 33. h6 Be4 34. Bg2 Bxg2 35. Kxg2 Nd7 36. Nf3 Qxf2+ 37. Rxf2 Nc5 38. Ng5 Ra8 39. Rd1 Nd3 40. Rfd2 Nc5 41. Kh3 1/2-1/2

[Event "Barcelona Sant Marti op-A 19th"]
[Site "Barcelona"]
[Date "2017.07.16"]
[Round "4"]
[White "Gonzalez Rodriguez, Jorge Armando"]
[Black "Marchador Villalba, Jordi"]
[Result "1-0"]
[WhiteElo "2274"]
[BlackElo "1980"]
[PlyCount "51"]
[EventDate "2017.07.13"]
[EventType "swiss"]
[EventRounds "9"]
[EventCountry "ESP"]
[SourceTitle "EXT 2018"]
[Source "ChessBase"]
[SourceDate "2017.10.13"]
[SourceVersion "1"]
[SourceVersionDate "2017.10.13"]
[SourceQuality "1"]

1. c4 Nf6 2. Nc3 e6 3. d4 c5 4. d5 exd5 5. cxd5 d6 6. e4 g6 7. Nf3 Bg7 8. Bb5+ Bd7 9. a4 0-0 10. 0-0 Bxb5 11. axb5 Re8 12. Re1 Nbd7 13. Bf4 Qb6 14. Nd2 Ne5 15. Bxe5 dxe5 16. Nc4 Qd8 17. Ra5 Nh5 18. g3 Qd7 19. Kg2 f5 20. exf5 Qxf5 21. Nd6 Qg5 22. Nxe8 Rxe8 23. Ne4 Nf4+ 24. Kh1 Qd8 25. Rxa7 Nxd5 26. Rxb7 1-0

[Event "Barcelona Sant Marti op-A 18th"]
[Site "Barcelona"]
[Date "2016.07.20"]
[Round "8"]
[White "Rakshitta, Ravi"]
[Black "Marchador Villalba, Jordi"]
[Result "1-0"]
[WhiteElo "1716"]
[BlackElo "2024"]
[PlyCount "89"]
[EventDate "2016.07.13"]
[EventType "swiss"]
[EventRounds "9"]
[EventCountry "ESP"]
[SourceTitle "CBM 173 Extra"]
[Source "ChessBase"]
[SourceDate "2016.08.29"]
[SourceVersion "1"]
[SourceVersionDate "2016.08.29"]
[SourceQuality "1"]

1. e4 Nf6 2. e5 Nd5 3. d4 d6 4. Nf3 Bg4 5. Be2 e6 6. h3 Bh5 7. c4 Nb6 8. exd6 cxd6 9. Nc3 Be7 10. d5 e5 11. g4 Bg6 12. h4 h5 13. g5 Na6 14. Be3 Rc8 15. Nd2 Nc5 16. Bxc5 Rxc5 17. Nde4 Rc8 18. c5 dxc5 19. d6 Bxe4 20. Nxe4 Bf8 21. Bb5+ Nd7 22. Qd5 Qa5+ 23. Nc3 Qb4 24. Bxd7+ Kxd7 25. Qxf7+ Kc6 26. d7 Rd8 27. Qe6+ Bd6 28. 0-0-0 Rxd7 29. Rhe1 Rhd8 30. Nd5 Qg4 31. Qg6 b6 32. Re4 Qf3 33. Re3 Qg4 34. Red3 Kb7 35. Ne3 Qxh4 36. Nf5 Qa4 37. Nxd6+ Kb8 38. Kb1 c4 39. Rd5 c3 40. bxc3 Qc6 41. Qd3 h4 42. c4 h3 43. Nf7 Rxf7 44. Rxd8+ Kc7 45. Qxh3 1-0

[Event "Barcelona Sant Marti op-A 18th"]
[Site "Barcelona"]
[Date "2016.07.19"]
[Round "7"]
[White "Marchador Villalba, Jordi"]
[Black "Bernat, Ernest"]
[Result "1/2-1/2"]
[WhiteElo "2024"]
[BlackElo "1942"]
[PlyCount "85"]
[EventDate "2016.07.13"]
[EventType "swiss"]
[EventRounds "9"]
[EventCountry "ESP"]
[SourceTitle "CBM 173 Extra"]
[Source "ChessBase"]
[SourceDate "2016.08.29"]
[SourceVersion "1"]
[SourceVersionDate "2016.08.29"]
[SourceQuality "1"]

1. d4 d5 2. Bf4 Nf6 3. e3 e6 4. Bd3 Bd6 5. Nd2 b6 6. Ngf3 0-0 7. Ne5 Ba6 8. 0-0 Bxd3 9. Nxd3 Bxf4 10. Nxf4 Nbd7 11. Qf3 c5 12. Rad1 Qc8 13. c3 cxd4 14. exd4 b5 15. a3 a5 16. Nd3 a4 17. Qe2 Nb6 18. f3 Nc4 19. Nxc4 bxc4 20. Nb4 Qc7 21. Rde1 Nd7 22. f4 g6 23. g4 Nf6 24. f5 exf5 25. gxf5 Rae8 26. Qg2 Rxe1 27. Rxe1 Qd7 28. Re5 Rd8 29. h4 Kh8 30. Qg5 Qd6 31. Kf1 Ne4 32. Qe3 Nf6 33. fxg6 hxg6 34. Qg5 Kg7 35. h5 Nxh5 36. Rxd5 Qh2 37. Qe5+ Qxe5 38. Rxe5 Nf4 39. Nc6 Rd6 40. Rc5 Nd3 41. Rxc4 Nxb2 42. Rc5 Nd3 43. Rc4 1/2-1/2

[Event "Catalunya-ch Seniors"]
[Site "Vila Seca"]
[Date "2016.05.25"]
[Round "5"]
[White "Rojas Fernandez, Andres"]
[Black "Marchador Villalba, Jordi"]
[Result "0-1"]
[WhiteElo "1934"]
[BlackElo "2026"]
[PlyCount "74"]
[EventDate "2016.05.21"]
[EventType "swiss"]
[EventRounds "9"]
[EventCountry "ESP"]
[SourceTitle "CBM 172 Extra"]
[Source "ChessBase"]
[SourceDate "2016.06.21"]
[SourceVersion "1"]
[SourceVersionDate "2016.06.21"]
[SourceQuality "1"]

1. e4 c5 2. Nc3 Nc6 3. g3 g6 4. Bg2 Bg7 5. f4 e6 6. Nf3 d6 7. 0-0 Nge7 8. d3 Nd4 9. Ne2 Nxf3+ 10. Rxf3 Qb6 11. Kh1 h5 12. c3 Bd7 13. Qc2 Bc6 14. Be3 Qc7 15. Rf2 b6 16. Rc1 Qb7 17. Ng1 Rc8 18. Nf3 d5 19. Ng5 h4 20. g4 dxe4 21. dxe4 h3 22. Bf3 Bf6 23. Rd1 Kf8 24. Kg1 Kg7 25. f5 e5 26. fxg6 Nd5 27. Rdf1 Nf4 28. Bxf4 exf4 29. e5 Bxg5 30. Qf5 Qe7 31. Rd1 Rcd8 32. Rd6 Bd7 33. Qd3 Be6 34. Rd2 Rxd6 35. exd6 Qf6 36. Bd1 Qe5 37. Re2 Qd5 0-1

[Event "Barcelona Puig op 1st"]
[Site "Barcelona"]
[Date "2015.10.28"]
[Round "5.7"]
[White "Marchador Villalba, Jordi"]
[Black "Vargas Drechsler, Carlos"]
[Result "0-1"]
[WhiteElo "2121"]
[BlackElo "2015"]
[PlyCount "92"]
[EventDate "2015.09.30"]
[EventType "swiss"]
[EventRounds "9"]
[EventCountry "ESP"]
[SourceTitle "EXT 2024"]
[Source "ChessBase"]
[SourceDate "2023.10.10"]
[SourceVersion "1"]
[SourceVersionDate "2023.10.10"]
[SourceQuality "1"]

1. d4 Nf6 2. Nf3 g6 3. g3 Bg7 4. Bg2 0-0 5. 0-0 d6 6. Nc3 c5 7. d5 a6 8. a4 Bg4 9. h3 Bxf3 10. Bxf3 Nbd7 11. Bg2 Rb8 12. e4 b5 13. axb5 axb5 14. Qe2 Qb6 15. Be3 Ne5 16. Rfb1 Nc4 17. Bc1 Nd7 18. Bf1 Bxc3 19. bxc3 Ra8 20. Rxa8 Rxa8 21. Bh6 Qa5 22. Qe1 Nde5 23. Kg2 f6 24. Bf4 Nf7 25. Rb3 Na3 26. Qc1 g5 27. Bd2 Nc4 28. Be1 Nfe5 29. f4 gxf4 30. gxf4 Ng6 31. Bg3 Kh8 32. Bd3 Na3 33. Be2 Qa4 34. Bf3 c4 35. Rb2 Nf8 36. e5 dxe5 37. fxe5 Nd7 38. d6 Nxe5 39. Bxe5 fxe5 40. dxe7 Qa7 41. Ra2 Rg8+ 42. Bg4 Qxe7 43. Rxa3 h5 44. Ra6 Qb7+ 45. Kh2 Qxa6 46. Bxh5 Qf6 0-1

[Event "Barcelona Puig op 1st"]
[Site "Barcelona"]
[Date "2015.10.07"]
[Round "2.3"]
[White "Capellades Subirana, Marc"]
[Black "Marchador Villalba, Jordi"]
[Result "1-0"]
[WhiteElo "2341"]
[BlackElo "2121"]
[PlyCount "51"]
[EventDate "2015.09.30"]
[EventType "swiss"]
[EventRounds "9"]
[EventCountry "ESP"]
[SourceTitle "EXT 2024"]
[Source "ChessBase"]
[SourceDate "2023.10.10"]
[SourceVersion "1"]
[SourceVersionDate "2023.10.10"]
[SourceQuality "1"]

1. e4 Nf6 2. Nc3 d5 3. exd5 Nxd5 4. Bc4 Nb6 5. Bb3 Nc6 6. d3 Bf5 7. Nge2 e6 8. Ng3 Bg6 9. Be3 Nd4 10. 0-0 Be7 11. Qg4 Nxb3 12. axb3 0-0 13. f4 Nd5 14. Nxd5 Qxd5 15. f5 exf5 16. Nxf5 Bf6 17. Nh6+ Kh8 18. Rxf6 gxf6 19. Bd4 Kg7 20. Qh4 Rfe8 21. Qxf6+ Kf8 22. Ng4 Re6 23. Qh8+ Ke7 24. Bf6+ Kd7 25. Qxa8 Qc5+ 26. d4 1-0

[Event "Barcelona Sant Marti op-A 17th"]
[Site "Barcelona"]
[Date "2015.07.17"]
[Round "5"]
[White "Brilej, Jaka"]
[Black "Marchador Villalba, Jordi"]
[Result "0-1"]
[WhiteElo "1639"]
[BlackElo "2026"]
[PlyCount "62"]
[EventDate "2015.07.13"]
[EventType "swiss"]
[EventRounds "9"]
[EventCountry "ESP"]
[SourceTitle "CBM 167 Extra"]
[Source "ChessBase"]
[SourceDate "2015.09.14"]
[SourceVersion "1"]
[SourceVersionDate "2015.09.14"]
[SourceQuality "1"]

1. e4 Nf6 2. e5 Nd5 3. d4 d6 4. c4 Nb6 5. exd6 cxd6 6. Nc3 g6 7. Be3 Bg7 8. Rc1 0-0 9. b3 N6d7 10. Bd3 e5 11. d5 f5 12. f4 Re8 13. Nge2 Nf6 14. h3 exf4 15. Bxf4 Nh5 16. 0-0 Nxf4 17. Nxf4 Na6 18. Qf3 Nc5 19. b4 Nxd3 20. Nxd3 Bd4+ 21. Kh1 Re3 22. Qd1 Qh4 23. Rf3 Bd7 24. Rxe3 Bxe3 25. Rc2 Qxc4 26. Nb2 Qxb4 27. Qd3 f4 28. Qc4 Qxc4 29. Nxc4 Bf5 30. Nxe3 Bxc2 31. Nxc2 Rc8 0-1

[Event "Barcelona Vila de Gracia Seniors 55+ op"]
[Site "Barcelona"]
[Date "2015.05.11"]
[Round "8"]
[White "Solsona Olive, Xavier"]
[Black "Marchador Villalba, Jordi"]
[Result "1/2-1/2"]
[WhiteElo "1983"]
[BlackElo "2134"]
[PlyCount "40"]
[EventDate "2015.03.16"]
[EventType "swiss"]
[EventRounds "8"]
[EventCountry "ESP"]
[SourceTitle "EXT 2018"]
[Source "ChessBase"]
[SourceDate "2017.10.13"]
[SourceVersion "1"]
[SourceVersionDate "2017.10.13"]
[SourceQuality "1"]

1. e4 Nf6 2. e5 Nd5 3. d4 d6 4. Nf3 Bg4 5. Be2 e6 6. c4 Nb6 7. exd6 cxd6 8. Nc3 Be7 9. 0-0 0-0 10. b3 d5 11. c5 Bxf3 12. Bxf3 Nc8 13. b4 Bf6 14. Be3 Ne7 15. b5 a6 16. a4 Nf5 17. Qd2 Nd7 18. Rfd1 Kh8 19. Rab1 Qa5 20. Rdc1 Rfc8 1/2-1/2